System theory in geomorphology: challenges, epistemological consequences and practical implications
I tiakina i:
| Kaituhi matua: | |
|---|---|
| Hōputu: | Pukapuka |
| Reo: | Ingarihi |
| I whakaputaina: |
Nueva York
Springer
2012
|
| Putanga: | 1a. ed |
| Rangatū: | Springer Theses. Recognizing Outstanding Ph. D. Research
|
| Ngā marau: | |
| Ngā Tūtohu: |
Tāpirihia he Tūtohu
Kāore He Tūtohu, Me noho koe te mea tuatahi ki te tūtohu i tēnei pūkete!
|
MARC
| LEADER | 00000cam a2200000 a 4500 | ||
|---|---|---|---|
| 001 | UCD3857 | ||
| 003 | CL-VaPUC | ||
| 008 | 160616e20120000us |||||||||||||||||eng|d | ||
| 020 | |a 9789400795228 | ||
| 082 | 0 | 4 | |a 551.4 |b ELV |2 21 |
| 100 | 0 | |a Elverfeldt, Kirsten von |e author |9 587476 | |
| 245 | 1 | 0 | |a System theory in geomorphology: challenges, epistemological consequences and practical implications |
| 250 | |a 1a. ed | ||
| 300 | |a 139 p | ||
| 942 | |c BK | ||
| 945 | |d 20160616 22:39:00 |a arojas | ||
| 260 | |a Nueva York |b Springer |c 2012 | ||
| 650 | 0 | |a Geomorfología |9 261377 | |
| 650 | 0 | |a Teoría de sistemas |9 260742 | |
| 583 | |a last modification |c 20160616 22:39:00 |k Rodrigo Vera | ||
| 490 | 0 | |a Springer Theses. Recognizing Outstanding Ph. D. Research | |
| 999 | |c 364872 |d 364870 | ||
| 952 | |0 0 |1 0 |3 erb |4 0 |6 551_400000000000000_ELV_2012 |7 0 |8 A |9 478469 |a BIBING |b BIBING |i 5293219 |o 551.4 ELV 2012 |p 5293219 |r 2025-01-20 |w 2019-11-24 |y BK |z Catalogado en:20160616 |k GEO | ||